Sonata, op. 20 piano /

Main Author: Voříšek, Jan Václav Hugo, 1791-1825
Other Authors: Zuckerová, Olga, 1933-
Language: No linguistic content
Published: Praha : Supraphon, 1986
Edition: 3., nově zpracované vyd. (1. krit).
Series: Musica Antiqua Bohemica
Physical Description: 26, 29 s.
Musical Score Musical Score
Saved in:
LEADER 00930ncm a22002652a 4500
001 000158328
003 CZ BrMZK
005 20120223082747.0
007 qu
008 010907s1986 xr f zxx d
040 |a BOA001  |b cze 
072 7 |a 786  |x Hudba pro klávesové nástroje  |2 Konspekt  |9 9 
100 1 |a Voříšek, Jan Václav Hugo,  |d 1791-1825  |7 jn19990210805  |4 cmp 
245 1 0 |a Sonata, op. 20  |h [hudebnina] :  |b piano /  |c Jan Hugo Voříšek ; rev. Olga Zuckerová 
250 |a 3., nově zpracované vyd. (1. krit). 
260 |a Praha :  |b Supraphon,  |c 1986 
300 |a 26, 29 s. 
490 1 |a Musica Antiqua Bohemica ;  |v 4 
504 |a Obsahuje bibliografii 
700 1 |a Zuckerová, Olga,  |d 1933-  |7 jk01152838  |4 edt 
830 0 |a Musica Antiqua Bohemica 
910 |a BOA001  |b Mus4-0918.806 
990 |a MU 
991 |b 201202 
996 6 |b 2619951150  |c Mus4-0918.806  |l MZK  |r Sklad / do 1 hodiny  |n 1  |w 000158328  |u 000010  |a 1  |e BOA001  |j MZK50  |s P